LEADER 01117nas 2200385 c 450 001 996417780903316 005 20210429015752.0 035 $a(CKB)3710000000848809 035 $a(DE-101)1151599344 035 $a(DE-599)ZDB2918419-8 035 $a(EXLCZ)993710000000848809 100 $a20180131a20119999 |y | 101 0 $ager 135 $aur||||||||||| 181 $ctxt$2rdacontent 182 $cc$2rdamedia 183 $acr$2rdacarrier 200 00$aTechnik + Einkauf$eKosten optimieren, Qualita?t sichern 210 31$aLandsberg$cVerlag Moderne Industrie GmbH$aMu?nchen$cGBI-Genios Deutsche Wirtschaftsdatenbank GmbH$d[2011]- 215 $aOnline-Ressource 300 $aGesehen am 31.01.2018 300 $aVolltext auch als Teil einer Datenbank verfu?gbar 300 $aErscheint alle 2 Monate 311 $a1860-1901 608 $aZeitschrift$2gnd-content 676 $a380 676 $a620 676 $a670 801 0$b0100 801 1$bDE-101 801 2$b9999 906 $aJOURNAL 912 $a996417780903316 996 $aTechnik + Einkauf$92216000 997 $aUNISA LEADER 03501nam 22007935 450 001 9910349388903321 005 20230221044058.0 010 $a9783030041823 010 $a3030041824 024 7 $a10.1007/978-3-030-04182-3 035 $a(CKB)4100000007181238 035 $a(DE-He213)978-3-030-04182-3 035 $a(MiAaPQ)EBC6247703 035 $a(PPN)232963614 035 $a(EXLCZ)994100000007181238 100 $a20181117d2018 u| 0 101 0 $aeng 135 $aurnn|008mamaa 181 $ctxt$2rdacontent 182 $cc$2rdamedia 183 $acr$2rdacarrier 200 10$aNeural Information Processing $e25th International Conference, ICONIP 2018, Siem Reap, Cambodia, December 13?16, 2018, Proceedings, Part III /$fedited by Long Cheng, Andrew Chi Sing Leung, Seiichi Ozawa 205 $a1st ed. 2018. 210 1$aCham :$cSpringer International Publishing :$cImprint: Springer,$d2018. 215 $a1 online resource (XXI, 687 p. 404 illus., 141 illus. in color.) 225 1 $aTheoretical Computer Science and General Issues,$x2512-2029 ;$v11303 311 08$a9783030041816 311 08$a3030041816 320 $aIncludes bibliographical references and index. 330 $aThe seven-volume set of LNCS 11301-11307, constitutes the proceedings of the 25th International Conference on Neural Information Processing, ICONIP 2018, held in Siem Reap, Cambodia, in December 2018. The 401 full papers presented were carefully reviewed and selected from 575 submissions. The papers address the emerging topics of theoretical research, empirical studies, and applications of neural information processing techniques across different domains. The third volume, LNCS 11303, is organized in topical sections on embedded learning, transfer learning, reinforcement learning, and other learning approaches. 410 0$aTheoretical Computer Science and General Issues,$x2512-2029 ;$v11303 606 $aPattern recognition systems 606 $aArtificial intelligence 606 $aData mining 606 $aComputer vision 606 $aSoftware engineering 606 $aUser interfaces (Computer systems) 606 $aHuman-computer interaction 606 $aAutomated Pattern Recognition 606 $aArtificial Intelligence 606 $aData Mining and Knowledge Discovery 606 $aComputer Vision 606 $aSoftware Engineering 606 $aUser Interfaces and Human Computer Interaction 615 0$aPattern recognition systems. 615 0$aArtificial intelligence. 615 0$aData mining. 615 0$aComputer vision. 615 0$aSoftware engineering. 615 0$aUser interfaces (Computer systems) 615 0$aHuman-computer interaction. 615 14$aAutomated Pattern Recognition. 615 24$aArtificial Intelligence. 615 24$aData Mining and Knowledge Discovery. 615 24$aComputer Vision. 615 24$aSoftware Engineering. 615 24$aUser Interfaces and Human Computer Interaction. 676 $a006.42 676 $a006.4 702 $aCheng$b Long$4edt$4http://id.loc.gov/vocabulary/relators/edt 702 $aLeung$b Andrew Chi Sing$4edt$4http://id.loc.gov/vocabulary/relators/edt 702 $aOzawa$b Seiichi$4edt$4http://id.loc.gov/vocabulary/relators/edt 801 0$bMiAaPQ 801 1$bMiAaPQ 801 2$bMiAaPQ 906 $aBOOK 912 $a9910349388903321 996 $aNeural Information Processing$92554499 997 $aUNINA